| 000 | 00836nam a22002417a 4500 | ||
|---|---|---|---|
| 999 |
_c5806 _d5806 |
||
| 003 | AR-CdUCM | ||
| 008 | 190313b ||||| |||| 00| 0 spa d | ||
| 040 |
_aMUNICIPALIDAD PROVINCIAL DEL CUSCO _cBIBLIOTECA MUNICIPAL DEL CUSCO |
||
| 082 |
_a985.009 / _bOR64 |
||
| 245 |
_aFrancisco de Orellana; Lope de Aguirre / _bJosé A. del Busto D. |
||
| 260 |
_aLima : _bUniversitaria, _c1965. |
||
| 300 |
_a173 páginas ; _c19 cm. |
||
| 440 |
_a Biblioteca hombres del Perú _n : XXI _917214 |
||
| 440 |
_aTercera serie _92156 |
||
| 500 | _aDonación de la familia Nieto. | ||
| 650 |
_aBiografías _9148 |
||
| 650 |
_aFrancisco de Orellana _917215 |
||
| 650 |
_a Lope de Aguirre _917216 |
||
| 650 |
_aHombres del Perú - Biografías _92160 |
||
| 700 |
_aBusto Duthurburu, José Antonio del _9272 |
||
| 942 |
_2ddc _cLIBROS |
||
| 945 | _alccs | ||